000
00280nam a22001217a 4500
008
181102b xxu||||| |||| 00| 0 eng d
041
_a
eng
080
_a
101
100
_a
23
101
_a
soc
245
_a
Philosophy Problems And Perspectives
_c
Solomon.R.C
942
_2
udc
_c
BK
999
_c
51771
_d
51771